000 00662nam a2200229Ia 4500
005 20241129104119.0
008 241129s9999||||xx |||||||||||||| ||und||
020 _a9781032404202
037 _aTextual
040 _aRTL
_beng
_cRTL
041 _aeng
_2eng
084 _aY73(Q7).2 R2
_qRTL
100 _aChaudhuri Supriya
245 0 _aReligion and the city in India
_cChaudhuri Supriya
260 _aLondon
_bRoutledge
_c2022
300 _axi,232p.
365 _aINR
_b1495
490 _aRoutledge South Asian Religion Series.
650 _aReligion and Urban India
_9724823
942 _cTB
_hY73(Q7).2 R2
999 _c1224475
_d1224475